LIBRARY & INFORMATION CENTRE, KCAET, TAVANUR

ONLINE PUBLIC ACCESS CATALOGUE (OPAC)

Thesaurus of English: Synonyms and antonyms / (Record no. 10194)

MARC details
000 -LEADER
fixed length control field 00505cam a2200193ua 4500
041 ## - LANGUAGE CODE
Language code of text/sound track or separate title eng
082 ## - DEWEY DECIMAL CLASSIFICATION NUMBER
Classification number 028.73423
Item number HAR/TH
100 ## - MAIN ENTRY--AUTHOR NAME
Personal name Hartman, Roger .
245 ## - TITLE STATEMENT
Title Thesaurus of English: Synonyms and antonyms /
250 ## - EDITION STATEMENT
Edition statement 13 /
260 ## - PUBLICATION, DISTRIBUTION, ETC. (IMPRINT)
Place of publication Mumbai :
Name of publisher D B Taraporevala sons & Co. Pvt. Ltd. ,
Year of publication 1963.
300 ## - PHYSICAL DESCRIPTION
Number of Pages 220 ; .
942 ## - ADDED ENTRY ELEMENTS (KOHA)
Koha item type Books
Holdings
Withdrawn status Lost status Damaged status Home library Current library Date acquired Full call number Accession Number Koha item type
      KAUAET KAUAET 07/04/2012 028.73423 9866  
      KAUAET KAUAET 07/04/2012 028.73423 11017  
free website counter